000 00734nam a2200217 a 4500
001 BRL_961
005 20190320210954.0
008 291013s1967----mx-#######---#000-0#spa-#
041 _aspa
044 _amx
050 4 _aF1484.2
_b.R47 1967
245 1 0 _aRepública de El Salvador
_cEditado por la H. Cámara de diputados del congreso de los Estados Unidos Mexicanos xlvi legislatura
260 _aMéxico
_bPlástica Mexicana
_c1967
300 _a[26] p.
_bil., láminas
_c47 cm.
500 _aAu2273
651 4 _aEl Salvador
_xDescripcion y viajes
_9676
651 4 _aEl Salvador
_xVida social y costumbres
_925454
710 2 _aMexico
_bCongreso - Cámara de Diputados - XLVI Legislatura
_925455
902 _aGRL
942 _2lcc
_cB
999 _c9773
_d9773